Energie : Ressources, technologies et enjeux de pouvoir (notice n° 1925275)

détails MARC
000 -LEADER
fixed length control field 01015cam a2200133 4500500
005 - DATE AND TIME OF LATEST TRANSACTION
control field 20260329023158.0
041 ## - LANGUAGE CODE
Language code of text/sound track or separate title fre
042 ## - AUTHENTICATION CODE
Authentication code dc
100 10 - MAIN ENTRY--PERSONAL NAME
Personal name Mazzucchi, Nicolas
Relator term author
245 00 - TITLE STATEMENT
Title Energie : Ressources, technologies et enjeux de pouvoir
260 ## - PUBLICATION, DISTRIBUTION, ETC.
Name of publisher, distributor, etc. Armand Colin,<br/>
Date of publication, distribution, etc. 2017.<br/>
520 ## - SUMMARY, ETC.
Summary, etc. Charbon, pétrole, gaz ou nucléaire, l’énergie est au cœur des sociétés et des grands enjeux internationaux. Du Golfe arabo-persique à Wall Street en passant par les réseaux électriques européens, les raffineries asiatiques ou la COP21, l’énergie est une composante majeure des dynamiques internationales et des rivalités qui les sous-tendent. Pour mieux comprendre les relations complexes qui lient États, entreprises et organisations internationales, cet ouvrage propose une analyse approfondie des enjeux de pouvoir structurant le secteur de l’énergie, sur l’ensemble de la planète.
856 41 - ELECTRONIC LOCATION AND ACCESS
Uniform Resource Identifier <a href="https://shs.cairn.info/energie--9782200615932?lang=fr&redirect-ssocas=7080">https://shs.cairn.info/energie--9782200615932?lang=fr&redirect-ssocas=7080</a>

Pas d'exemplaire disponible.

PLUDOC

PLUDOC est la plateforme unique et centralisée de gestion des bibliothèques physiques et numériques de Guinée administré par le CEDUST. Elle est la plus grande base de données de ressources documentaires pour les Étudiants, Enseignants chercheurs et Chercheurs de Guinée.

Adresse

627 919 101/664 919 101

25 boulevard du commerce
Kaloum, Conakry, Guinée

Réseaux sociaux

Powered by Netsen Group @ 2025